| 000 | 00687nam a22001937a 4500 | ||
|---|---|---|---|
| 005 | 20100825145115.0 | ||
| 010 | _aENG-101371 | ||
| 020 |
_a8174990461 _c150.00 |
||
| 035 | _aEN-84904 | ||
| 037 | _bDBAD/PUB | ||
| 082 | _a920 | ||
| 100 |
_aMatharu, Rattan Singh _917179 |
||
| 245 |
_aA glimpse on the life of Guru Gobind Singh : _bthe messiah of the masses / _cby Rattan Singh Matharu |
||
| 260 |
_aNagpur _bVishwabharati Prakashan _c2010 |
||
| 270 |
_aDhanwate Chambers Sitabuldi _bNagpur _e12 |
||
| 300 |
_a128p _c21cm(Hb) |
||
| 942 |
_2ddc _cEN _h920 _mMAT |
||
| 999 |
_c43075 _d43075 |
||